000 00401nam a2200169Ia 4500
008 221030s9999 xx 000 0 und d
020 _a8177588521
041 _aEnglish
082 _a105.23
100 _aS. Haykin
245 0 _aNeural Networks - A Comprehensive Foundation
250 _a2nd
260 _bPearson Edcuation
_aDelhi
_c2008
300 _a823
650 _aBE Computer
942 _cBK
999 _c6380
_d6380